| 000 | 00943nmm a2200289 a 4500 | ||
|---|---|---|---|
| 003 | AR-BaBNM | ||
| 005 | 20251128202702.0 | ||
| 008 | 035020s2003 ||||||||||||||000 | spa|| | ||
| 020 | _a84-89712-85-9 | ||
| 040 | _cAR-BaBNM | ||
| 245 | 1 | 0 |
_aTareq _bcurso multimedia de árabe básico |
| 260 |
_a[Barcelona] _bDidaco _c2003 |
||
| 300 | 0 |
_a4 v. _bil. _e3 videos y 4 CDs |
|
| 500 | 0 | _aEl vol. 4 corresponde a la versión en inglés (Basic arabic multimedia course) | |
| 500 | 0 | _aSolicitar cds y videos en Mediateca | |
| 505 | _tIntroducción, caligrafía y gramática | ||
| 505 | _tGuía de ejercicios, guión de video y glosario | ||
| 505 | _tGuión en árabe del audio y video y guía de soluciones | ||
| 505 | _tExercise workbook | ||
| 650 | 4 | _aENSENANZA DE IDIOMAS | |
| 650 | 4 | _aARABE | |
| 650 | 4 | _aLENGUA EXTRANJERA | |
| 650 | 4 | _aLIBROS DE TEXTO | |
| 650 | 4 | _aACTIVIDADES DE APRENDIZAJE | |
| 942 | _cBK | ||
| 998 | _cme-solo cat | ||
| 999 |
_c126 _d126 |
||